Ảnh hưởng của đặc tính thổ nhưỡng, khí hậu và thủy văn đến khả năng sản xuất và chất lượng muối Bạc Liêu : Luận án Thạc sĩ Khoa học đất. Chuyên ngành: Khoa học đất
Luận án trình bày ảnh hưởng của yếu tố đất đai, khí hậu và thủy văn đến khả năng sản xuất, tính đặc thù về chất lượng của muối Bạc Liêu.
Guardado en:
| Autor principal: | |
|---|---|
| Formato: | Libro |
| Lenguaje: | Undetermined |
| Publicado: |
Cần Thơ
Trường Đại học Cần Thơ
2010
|
| Materias: | |
| Etiquetas: |
Agregar Etiqueta
Sin Etiquetas, Sea el primero en etiquetar este registro!
|
| Thư viện lưu trữ: | Trung tâm Học liệu Trường Đại học Cần Thơ |
|---|
| LEADER | 01164nam a2200217Ia 4500 | ||
|---|---|---|---|
| 001 | CTU_161682 | ||
| 008 | 210402s9999 xx 000 0 und d | ||
| 082 | |a 664.4 | ||
| 082 | |b Nh464 | ||
| 088 | |a 60620103 | ||
| 100 | |a Huỳnh, Văn Nhơn | ||
| 245 | 0 | |a Ảnh hưởng của đặc tính thổ nhưỡng, khí hậu và thủy văn đến khả năng sản xuất và chất lượng muối Bạc Liêu : | |
| 245 | 0 | |b Luận án Thạc sĩ Khoa học đất. Chuyên ngành: Khoa học đất | |
| 245 | 0 | |c Huỳnh Văn Nhơn; Ngô Ngọc Hưng ( Hướng dẫn Khoa học ) | |
| 260 | |a Cần Thơ | ||
| 260 | |b Trường Đại học Cần Thơ | ||
| 260 | |c 2010 | ||
| 520 | |a Luận án trình bày ảnh hưởng của yếu tố đất đai, khí hậu và thủy văn đến khả năng sản xuất, tính đặc thù về chất lượng của muối Bạc Liêu. | ||
| 650 | |a Salt industry and trade,Thương mại và công nghiệp muối,Salt,Muối | ||
| 904 | |i Nhớ | ||
| 980 | |a Trung tâm Học liệu Trường Đại học Cần Thơ | ||